000 00318nam a22001217a 4500
005 20250619104005.0
008 250619b |||||||| |||| 00| 0 eng d
050 _aBR157
_bWAT
245 _aMANKINDS SEARCH FORPENNSY
260 _aPENNSYLVANIA
_bWATCH TOWER BIBLE PUBLISHERS
_cc1990
300 _a379p
942 _2lcc
_cBK
_n0
999 _c6584
_d6584